000 00335nam a22001457a 4500
008 210312b ||||| |||| 00| 0 eng d
020 _a9780070092013
041 _aeng
080 _28th
_a330.101.541
082 _28th
_a330.101.541
100 _a52
101 _aMAKRO
245 _aMacroeconomics
_cMcconnell,R.C
942 _2udc
_cBK
999 _c56518
_d56518